U.S. Cities with Teams from All Major Sports - Sudden Death - Statistics

General Stats
  • This quiz has been taken 1,014 times
  • The average score is 7 of 12
Answers on the Grid
Answers color-coded by a green-red scale on the quiz's grid according to % correct below.
Atlanta
Baltimore
Boston
Chicago
Cleveland
Dallas
Denver
Detroit
Houston
Indianapolis
Kansas City
Las Vegas
Los Angeles
Miami
Minneapolis
New Orleans
New York
Philadelphia
Phoenix
Pittsburgh
San Francisco
Seattle
Tampa
Washington D.C.
 
Answer Stats
Answer % Correct
Chicago
79%
Boston
74%
New York
67%
Los Angeles
65%
Detroit
59%
Dallas
55%
Philadelphia
53%
Denver
49%
Washington D.C.
49%
Miami
40%
San Francisco
38%
Minneapolis
34%
No matching quizzes found
Score Distribution
Percent of People with Each Score
Percentile by Number Answered
Your Score History
You have not taken this quiz